000 00204nam a22000857a 4500
001 1243202
005 20251016112554.0
245 _aDİKKAT KIRILACAK EŞYA
_cSEMİH GÜMÜŞ
260 _bGÜNIŞIĞI YAYINLARI
999 _c1243202
_d1243202